000 00430pab a2200157 454500
008 180718b2005 xxu||||| |||| 00| 0 eng d
100 _aIvory, Chris
245 _aCan project management learn anything from studies of failure in complex systems?
260 _c2005
300 _ap.5-16.
362 _aSep
650 _aProject management
700 _aAlderman, Neil
773 _aProject Management Journal
909 _a67184
999 _c67184
_d67184